000
00277nam a22001097a 4500
082
_a
621.319 GOT'D
100
_a
GOTTLIEB, I. M
_9
57509
245
_a
DESIGN AND OPERATIONS OF REGULATED POWER SUPPLIES
260
_a
NEWYORK
_b
HOWARD W. SONS
_c
1964
300
_a
111P
942
_c
BK
999
_c
567787
_d
567787